A handbook on the WTO TRIPS agreement / (Record no. 167712)

MARC details
000 -LEADER
fixed length control field 00963cam a2200277 a 4500
008 - FIXED-LENGTH DATA ELEMENTS--GENERAL INFORMATION
fixed length control field
020 ## - INTERNATIONAL STANDARD BOOK NUMBER
International Standard Book Number 9781107663275 (paperback)
090 00 - LOCALLY ASSIGNED LC-TYPE CALL NUMBER (OCLC); LOCAL CALL NUMBER (RLIN)
Classification number (OCLC) (R) ; Classification number, CALL (RLIN) (NR) REF K1401
Local cutter number (OCLC) ; Book number/undivided call number, CALL (RLIN) HAN
003 - CONTROL NUMBER IDENTIFIER
control field
005 - DATE AND TIME OF LATEST TRANSACTION
control field 20230123141112.0
040 ## - CATALOGING SOURCE
Transcribing agency NUST
049 ## - LOCAL HOLDINGS (OCLC)
Holding library MAIN
245 02 - TITLE STATEMENT
Title A handbook on the WTO TRIPS agreement /
Statement of responsibility, etc. edited by Antony Taubman, Hannu Wager, and Jayashree Watal.
260 ## - PUBLICATION, DISTRIBUTION, ETC.
Place of publication, distribution, etc. Cambridge ;
-- New York :
Name of publisher, distributor, etc. Cambridge University Press,
Date of publication, distribution, etc. 2012.
300 ## - PHYSICAL DESCRIPTION
Extent xxiv, 385 p. :
Other physical details ill. ;
Dimensions 24 cm.
500 ## - GENERAL NOTE
General note Includes index.
650 #0 - SUBJECT ADDED ENTRY--TOPICAL TERM
Topical term or geographic name entry element Intellectual property (International law)
630 00 - SUBJECT ADDED ENTRY--UNIFORM TITLE
Uniform title Agreement on Trade-Related Aspects of Intellectual Property Rights.
650 #0 - SUBJECT ADDED ENTRY--TOPICAL TERM
Topical term or geographic name entry element Foreign trade regulation.
650 #7 - SUBJECT ADDED ENTRY--TOPICAL TERM
Topical term or geographic name entry element LAW / Intellectual Property / General.
700 1# - ADDED ENTRY--PERSONAL NAME
Personal name Taubman, Antony.
700 1# - ADDED ENTRY--PERSONAL NAME
Personal name Wager, Hannu.
700 1# - ADDED ENTRY--PERSONAL NAME
Personal name Watal, Jayashree.
907 ## - LOCAL DATA ELEMENT G, LDG (RLIN)
a .b10391228
b 22-06-18
c 13-06-18
942 ## - ADDED ENTRY ELEMENTS (KOHA)
Koha item type Ordinary Loan Books
Call number prefix REF K1401
Call number suffix HAN
Holdings
Date last seen Total Checkouts Full call number Barcode Cost, replacement price Price effective from Koha item type Lost status Source of classification or shelving scheme Damaged status Not for loan Collection Withdrawn status Home library Current library Shelving location Date acquired Cost, normal purchase price
01/23/2023   REF K1401 HAN 92004045325 80.00 01/23/2023 BOOKS   LCC     NFIC   MAIN MAIN GEN 01/23/2023 80.00